000 00872cam a2200241 i 4500
003 SA-RiAUC
005 20250910113117.0
008 250908s1996 le g 000 0cara c
040 _aSA-RiAUC
_bara
_cSA-RiAUC
_erda
082 0 4 _a001.2089927
090 _a001.2089927
_bم ح م
100 1 _aمحمود، يوسف.
_eمؤلف.
245 1 2 _aالإنجازات العلمية في الحضارة الإسلامية /
_bتأليف يوسف محمود.
250 _aالطبعة الأولى.
264 1 _aبيروت :
_bمؤسسة الرسالة،
_c1996
300 _a230 صفحة ؛
_c24 سم
336 _aنص
_btxt
_2rdacontent
_3كتاب
337 _aبدون وسيط
_bn
_2rdamedia
338 _aمجلد
_bnc
_2rdacarrier
650 7 _aالعلماء العرب
_vتراجم
_2aucsh
942 _2ddc
_cBOOK
_n0
949 _aSA-JeALM
_d250908
_umohamedma123
_n1
999 _c11565
_d11565